| 000 | 01054cam a22003014a 4500 | ||
|---|---|---|---|
| 999 |
_c10879 _d10879 |
||
| 001 | 13251443 | ||
| 003 | OSt | ||
| 005 | 20191224132444.0 | ||
| 008 | 030625s2004 maua b 001 0 eng | ||
| 010 | _a 2003059968 | ||
| 020 | _a9780070594074 | ||
| 040 |
_aDLC _cDLC _dDLC |
||
| 042 | _apcc | ||
| 050 | 0 | 0 |
_aHB172.5 _b.D67 2004 |
| 082 | 0 | 0 |
_a339 _222 _bDOR/M |
| 100 |
_aDornbusch, Rudiger _9718 |
||
| 245 | 1 | 0 |
_aMacroeconomics / _cRudiger Dornbusch, Stanley Fischer, Richard Startz. |
| 250 | _a9th ed. | ||
| 260 |
_aBoston : _bMcGraw-Hill/Irwin, _cc2004. |
||
| 300 |
_axxii, 613 p. : _bill. (chiefly col.) ; _c24 cm. |
||
| 504 | _aIncludes bibliographical references and index. | ||
| 650 | 0 | _aMacroeconomics. | |
| 700 | 1 |
_aFischer, Stanley _9733 |
|
| 700 | 1 |
_aStartz, Richard, _d1952- _9735 |
|
| 906 |
_a7 _bcbc _corignew _d1 _eocip _f20 _gy-gencatlg |
||
| 942 |
_2ddc _cBK _h339 _iDOR/M _k339 _mDOR/M |
||